000 00954nam a2200265Ia 4500
003 OSt
005 20221005112410.0
006 a|||||r|||| 00| 0
007 ta
008 221004b |||||||| |||| 00| 0 pan d
020 _cINR 150.00
024 _a67027
037 _b1195, 20/02/2020, H.K. Prakashan
_cTextual
040 _aCRL
_cCRL
_bpan
041 _2pan
_apan
082 _aO153,2NSO2,JB, Q9
100 _aਸੋਢੀ, ਰਵਿੰਦਰ ਸਿੰਘ, ਂਚ.
245 0 _aਜਿਥੇ ਬਾਬਾ ਪੈਰ ਧਰੇ
260 _aਸਮਾਣਾ
_bੋਸੰਗਮ ਪਬਲੀਕੇFਨਗ਼ ਭਾਰਤ
_c2019
300 _a79ਪ੍ਰ0
_ccm.
650 _a ਪੰਜਾਬੀ ਨਾਟਕ
650 _aਪੰਜਾਬੀ ਸਾਹਿਤ
942 _hO153,2NSO2,JB, Q9
_cTEXL
_2cc
999 _c1024762
_d1024762